| 000 | 00768nam a2200229 a 4500 | ||
|---|---|---|---|
| 001 | 000046891 | ||
| 005 | 20201002053204.0 | ||
| 008 | 180405s2016 dr a r 000 0 spa d | ||
| 020 | _a9789945175745 | ||
| 040 |
_aDO-SdBNP _bspa _cBNPHU |
||
| 082 |
_axxxx _bxxxx |
||
| 245 | 0 | 0 |
_aEducación artística 4 : _bprimaria 4 / _cedición Julissa Hernández Hernández ; colaborador Iván Taveras. |
| 260 |
_aSanto Domingo : _bSM, _c2016. |
||
| 300 |
_a95 p. : _bil. ; _c21 cm. |
||
| 490 | 1 | _aProyecto conecta | |
| 500 | _aIncluye notas al pie de las páginas | ||
| 504 | _aBibliografía : p. 96 | ||
| 590 | _aInventariado, 2018/BT | ||
| 700 | 1 |
_aHernández Hernández, Julissa, _eed. _974826 |
|
| 700 | 1 |
_aTaveras, Iván, _ecol. _974827 |
|
| 830 | 0 |
_aProyecto conecta _974828 |
|
| 999 |
_c46380 _d46380 |
||